El charco del príncipe Andreas (Registro nro. 8832)

Detalles MARC
000 -LIDER
fixed length control field 00779nam a22002657a 4500
001 - NÚMERO DE CONTROL
Identificador de número de control 871135
003 - IDENTIFICACDOR DE NÚMERO DE CONTROL
control field DO-SdBNP
005 - DATE AND TIME OF LATEST TRANSACTION
control field 20180221091208.0
007 - CAMPOS FIJOS DE DESCRIPCIÓN FÍSICA
fixed length control field 871135
008 - ELEMENTOS DE LONGITUD FIJA
fixed length control field 030728s1999 sp | ||| ||spa
016 7# - NO. DE CONTROL DE LA AGENCIA BIB. NACIONAL
Source BPMSU
020 ## - ISBN
International Standard Book Number 8434850516
040 ## - FUENTE DE CATALOGACIÓN
Agencia que crea de manera original el registro BPMSU
Idioma de catalogación spa
Agencia que realiza la transcripción BPMSU
100 1# - ASIENTO PRINCIPAL -- NOMBRE PERSONAL
Nombre personal Lairla, Sergio
Fechas asociadas con el nombre 1960-
245 13 - MENCIÓN DE TITULO
Título El charco del príncipe Andreas
Mención de responsabilidad Sergio Lairla ; ilustraciones de Ana G. Lartitegui
250 ## - MENCIÓN DE EDICION
Mención de edición 4ª ed.
260 ## - PUBLICACIÓN, DISTRIBUCIÓN, ETC. (PIE DE IMPRENTA)
Lugar de publicación, distribución, etc Madrid :
Nombre del editor, distribuidor, etc. SM,
Fecha de publicación, distribución, etc 1999
300 ## - DESCRIPCIÓN FÍSICA
Extensión 54 p. ;
Otros detalles físicos il. :
Dimensiones 19 cm.
490 1# - MENCIÓN DE SERIES
Mención de serie El barco de vapor. [Serie blanca]
Volume/sequential designation 64
700 1# - ASIENTO SECUNDARIO -- NOMBRE PERSONAL
Nombre personal Lartitegui, Ana G.
Fechas asociadas con el nombre 1961-
830 #3 - ASIENTO SECUNDARIO DE SERIE--TÍTULO UNIFORME
Título uniforme El barco de vapor.
Nombre de la parte o sección de una obra Serie blanca
Volume number/sequential designation 64
942 ## - ADDED ENTRY ELEMENTS (KOHA)
Source of classification or shelving scheme Dewey Decimal Classification
Koha item type Libros
945 ## - INFORMACIÓN DE PROCESAMIENTO LOCAL
Información de procesamiento local inventariado, 2018 / dg
956 ## - LOCAL ELECTRONIC LOCATION AND ACCESS (OCLC)
Nombre de host VMATEO
Método de acceso 10
Materiales especificados 20151120
Enlace BPMSU
Campo enlazado y núm. de secuencia 00151
Existencias
Withdrawn status Lost status Source of classification or shelving scheme Damaged status Not for loan Home library Current library Date acquired Source of acquisition Total Checkouts Barcode Date last seen Price effective from Koha item type
    Dewey Decimal Classification     Biblioteca Pública Metropolitana Salomé Ureña Biblioteca Pública Metropolitana Salomé Ureña 11/20/2015 FUNDI   BPMSU15110404 11/20/2015 11/20/2015 Libros